Quizzes
Events
Quiz Creation
Community
Videos
Private Events
Remove Ads
Sign In
Join for FREE
Feedback
Dark Mode
Quiz Categories
Sports
Geography
Music
Movies
Television
Just For Fun
Miscellaneous
History
Literature
Language
Science
Gaming
Entertainment
Religion
Holiday
For Kids
Quiz Lab
Recent
Popular Today
Quiz Kudos Today
Editor Picks
Curator Picks
Quizzes by...
Day
Popularity
Type
Ratings
Length
Year
Community
Subscriptions
Recent Discussions
Orange Saloon
Badges
Playlists
Quests
Create
Leaderboards
Showdown
Live 5
Trivia Bingo
Activity
Puzzle Library
Sporcle Events
Private Events
Virtual Trivia
Globe League
Become a Host
Pub Owners
SporcleCon
Opinionation
Our Games
Videos
Blog
Mobile Apps
Partnerships
Remove Ads and Go Orange
Feedback
Sports
Athletes
MLB
NBA
NHL
NFL
Soccer
Sports Teams
WWE
NCAA
Football
Premier League
Basketball
Baseball
Hockey
Golf
Tennis
Cricket
Rugby
Auto Racing
Olympics
World Cup
Sports
Athletes
MLB
NBA
NHL
NFL
Soccer
Sports Teams
WWE
NCAA
Football
Premier League
Basketball
Baseball
Hockey
Golf
Tennis
Cricket
Rugby
Auto Racing
Olympics
World Cup
Random Quiz
Search Sporcle
×
Quiz Lab
Quiz Lab
Sports
Premier League
Type in answers that appear in a list
Type in answers that appear in a list
Classic
Best Score? Go Orange.
Premier League 2014/2015 Goalscorers Stats
Can you name the Premier League 2014/2015 Goalscorers?
By
Resistance
20m
245 Questions
213 Plays
213 Plays
213 Plays
Comments
Comments
Give Quiz Kudos
Give Quiz Kudos
-
- Ratings
hide this ad
Replay
Link that replays current quiz
Next Quiz
Link to next quiz in quiz playlist
You Got
0%
They Got
Avg Score
57%
Avg Friend Score
Upgrade to see
Score Distribution
Jump to the score distribution portion of the page
Score
0/245
Timer
20:00
0
Plays Today
#
Player
% Correct
26
Sergio Agüero
100%
21
Harry Kane
99.5%
20
Diego Costa
99.1%
14
Olivier Giroud
98.6%
16
Alexis Sánchez
97.7%
14
Eden Hazard
97.2%
12
Wayne Rooney
97.2%
5
Jamie Vardy
97.2%
1
Carlos Sánchez
97.2%
10
Romelu Lukaku
96.7%
18
Charlie Austin
94.8%
12
David Silva
94.8%
10
Yaya Touré
93.9%
13
Christian Benteke
93.4%
8
Peter Crouch
92%
6
Leroy Fer
88.7%
10
Christian Eriksen
88.3%
5
John Terry
88.3%
14
Saido Berahino
86.4%
7
Raheem Sterling
85.9%
10
Robin van Persie
85.4%
2
Carlton Cole
85.4%
1
Joe Cole
85.4%
11
Leonardo Ulloa
84.5%
4
Jermain Defoe
84%
4
Daniel Sturridge
84%
11
Papiss Cissé
83.6%
11
Wilfried Bony
83.1%
5
Theo Walcott
83.1%
5
Adam Lallana
82.6%
12
Graziano Pellè
82.2%
9
Steven Gerrard
82.2%
6
Jordan Henderson
82.2%
11
Danny Ings
81.7%
5
Andy Carroll
81.2%
4
Mesut Özil
81.2%
6
Aaron Ramsey
80.8%
4
Riyad Mahrez
79.8%
10
Sadio Mané
79.3%
9
Juan Mata
79.3%
6
Marouane Fellaini
79.3%
4
Edin Džeko
79.3%
6
Oscar
78.9%
2
Leighton Baines
78.9%
6
Gabriel Agbonlahor
78.4%
4
Wilfried Zaha
78.4%
4
Adam Johnson
77.9%
4
Enner Valencia
77.9%
1
Glen Johnson
77.9%
7
Charlie Adam
77.5%
5
James Milner
77.5%
8
Ki Sung-Yueng
76.5%
7
Gylfi Sigurðsson
76.5%
7
Santi Cazorla
76.1%
2
Rickie Lambert
76.1%
4
Abel Hernández
75.6%
1
Gary Cahill
75.6%
10
Diafra Sakho
75.1%
8
Jonathan Walters
75.1%
2
Willian
75.1%
2
Mark Noble
74.6%
5
Philippe Coutinho
73.7%
1
Robert Huth
73.2%
2
Érik Lamela
72.3%
1
Joel Ward
71.8%
1
Pablo Zabaleta
71.8%
4
Phil Jagielka
71.4%
3
Cesc Fàbregas
71.4%
3
Lauren Koscielny
71.4%
3
Seamus Coleman
70.9%
12
Mame Biram Diouf
70.4%
4
Chris Smalling
70.4%
3
Fernandinho
70.4%
5
Steven Fletcher
70%
1
Darren Fletcher
70%
5
Shane Long
69.5%
2
Jack Wilshere
69.5%
1
Marko Arnautović
69%
7
Kevin Mirallas
68.5%
6
Frank Lampard
68.5%
2
Wes Morgan
68.5%
1
Mario Balotelli
68.5%
#
Player
% Correct
4
Branislav Ivanović
67.6%
5
Ashley Barnes
67.1%
1
Michael Carrick
67.1%
1
Nemanja Matić
67.1%
4
Danny Welbeck
66.7%
2
Ashley Young
66.7%
7
Loïc Rémy
66.2%
6
Stewart Downing
66.2%
3
Danny Rose
66.2%
1
Steven Taylor
65.7%
11
Nacer Chadli
65.3%
3
Nathan Dyer
65.3%
2
Nathaniel Clyne
65.3%
1
Jan Vertonghen
64.3%
2
Ross Barkley
63.8%
2
Craig Dawson
63.8%
1
Michael Dawson
63.8%
2
Marc Albrighton
63.4%
2
Andy King
63.4%
6
Jason Puncheon
62.9%
4
Morgan Schneiderlin
62%
1
Winston Reid
62%
4
Moussa Sissoko
61%
3
Wayne Routledge
61%
2
Fernando
61%
8
Nikica Jelavić
60.6%
2
Aaron Lennon
60.6%
1
Kevin Nolan
60.6%
2
Chris Brunt
60.1%
2
James McCarthy
60.1%
2
Ryan Shawcross
60.1%
1
Gaël Clichy
60.1%
4
Bojan Krkić
59.6%
4
Dušan Tadić
59.6%
2
Samir Nasri
59.6%
1
Toby Alderweireld
59.6%
5
Dwight Gayle
59.2%
4
Fraizer Campbell
59.2%
1
Joe Allen
59.2%
2
Scott Dann
58.7%
2
Eric Dier
58.7%
2
James Morrison
58.2%
7
Ayoze Pérez
57.7%
4
Yannick Bolasie
57.3%
2
Aleksandar Kolarov
57.3%
6
Ander Herrera
56.8%
1
Alex Oxlade-Chamberlain
56.8%
3
Ángel Di María
56.3%
1
Mousa Dembélé
55.9%
1
Martin Škrtel
55.4%
2
Héctor Bellerín
54.9%
1
James Wilson
54.9%
7
Glenn Murray
54.5%
3
Jonjo Shelvey
54.5%
3
Emmanuel Adebayor
53.5%
2
Ben Mee
53.5%
1
Gareth McAuley
53.5%
1
James Ward-Prowse
53.5%
7
Bafétimbi Gomis
53.1%
2
Ramires
53.1%
4
Didier Drogba
52.6%
4
Radamel Falcao
52.6%
2
Alberto Moreno
52.6%
5
Esteban Cambiasso
52.1%
2
James McArthur
52.1%
2
Leon Osman
51.6%
1
John Stones
51.6%
5
Connor Wickham
51.2%
3
Victor Wanyama
51.2%
5
Stevan Jovetić
50.7%
2
Ryan Bertrand
50.7%
2
Daley Blind
50.7%
1
Jake Livermore
50.7%
1
Joey Barton
49.3%
2
Aaron Cresswell
48.4%
5
George Boyd
47.9%
2
James Chambers
47.9%
2
Andros Townsend
47.9%
1
Calum Chambers
47.9%
1
Roberto Soldado
47.9%
5
Mile Jedinak
47.4%
3
Sebastian Larsson
47.4%
#
Player
% Correct
1
Ciaran Clark
47.4%
5
David Nugent
46.9%
1
Chris Wood
46.9%
1
Joleon Lescott
46.5%
3
Andreas Weimann
46%
1
Fabio Borini
46%
1
Scott Sinclair
46%
1
Lee Cattermole
45.5%
3
André Schürrle
44.6%
1
Emre Can
44.6%
4
Mohamed Diamé
44.1%
1
Arouna Koné
44.1%
1
Jonas Olsson
44.1%
3
Matt Phillips
43.7%
7
Steven Naismith
43.2%
1
Martin Demichelis
42.7%
4
Cheikhou Kouyaté
42.3%
1
Fabricio Coloccini
42.3%
1
James Tomkins
42.3%
3
Bobby Zamora
41.8%
1
Jonás Gutiérrez
41.8%
1
Maya Yoshida
41.8%
3
Tom Cleverley
40.4%
3
Victor Moses
40.4%
2
Tomáš Rosický
40.4%
1
Stéphane Sessègnon
40.4%
3
Jack Cork
39.9%
2
Marouane Chamakh
39.9%
2
Yoan Gouffran
39.9%
3
Samuel Eto'o
39.4%
1
Steven Caulker
39.4%
4
Jack Colback
39%
2
Joe Ledley
38.5%
1
Mathieu Debuchy
38%
1
Mike Williamson
38%
3
Victor Anichebe
37.6%
1
Clint Hill
36.2%
2
Scott Arfield
35.2%
1
Danny Graham
34.7%
1
David Meyler
34.3%
2
Sammy Ameobi
33.8%
1
Ryan Mason
33.3%
2
Ahmed Elmohamady
32.9%
3
Jeffrey Schlupp
32.4%
1
Rémy Cabella
32.4%
1
Alan Hutton
32.4%
3
Craig Gardner
31.5%
3
Eduardo Vargas
31.5%
1
Jefferson Montero
31.5%
1
Stephen Quinn
31.5%
3
Morgan Amalfitano
30.5%
3
Steven N'Zonzi
30.5%
2
Lazar Marković
30.5%
1
Marcin Wasilewski
30.5%
1
Paul Konchesky
29.6%
4
Jordi Gómez
29.1%
3
Jack Rodwell
28.6%
1
Gabriel Obertan
28.2%
1
Aiden McGeady
27.2%
1
Sone Aluko
26.8%
1
Mathieu Flamini
26.8%
1
Gastón Ramírez
26.8%
2
Mauro Zárate
26.3%
1
Siem de Jong
26.3%
1
Jores Okore
25.4%
2
Brede Hangeland
24.9%
5
Dame N'Doye
24.4%
2
Rolando Aarons
24.4%
4
Brown Ideye
23.9%
1
Emmanuel Rivière
23.9%
1
Sandro
23.9%
2
Andrej Kramarić
23.5%
1
Ross Wallace
21.1%
1
Graham Dorrans
20.2%
2
Niko Kranjčar
19.2%
1
Daryl Janmaat
19.2%
1
Paul McShane
18.3%
2
Eljero Elia
14.1%
1
Nélson Oliveira
14.1%
1
Michael Kightly
13.6%
1
Silvestre Varela
12.2%
Quiz Playlist
Details
Report
Send in Message
Add To Playlist
Classic:
Type in answers that appear in a list
Last Updated: Feb 16, 2017
Quiz Scoreboard
CHALLENGE
Sign Up to Join the Scoreboard
Show All
Scores
Hide
Comments
May contain spoilers
Recently Published
An Introduction to Baseball
by treessimontrees
Sports
5m
Movies - When Are They Set?
by FPL_Elf
Movies
5m
Popular People in 1961
by mucciniale
History
6m
More to Explore
Quiz From the Vault
Featured Blog Post
Where Did the Easter Bunny Come From?
hide this ad
You Might Also Like...
Tags
Premier League Quiz
2014
2015
club
Goal Scorers
League
Player
Premier
Today's Top Quizzes in Sports
Browse Sports
hide this ad
Today's Top Quizzes in Premier League
Browse Premier League
Top Contributed Quizzes in Sports
1
Les meilleurs buteurs des matchs entre le PSG et l’OM
2
2022 World Cup Stars
3
FIFA Club World Cup Champions
4
Les entraîneurs de l'OM et du PSG au 21e siècle
5
Name the Premier League winners with different clubs
6
La finale Lions - Afrique du Sud 2021
7
England Test cricketers to play under Nasser Hussain
8
5-to-1: UK Sports Teams
9
Les joueurs passés par le LOSC et le RC Lens
10
Criteria MLB: Left Handed Sluggers
Explore More
Trending Topics
Marvel
NBA
Harry Potter
Anime
Disney
Crossword
Kpop
Pokémon
NFL
Country
Song
WWE
Puzzle
The Office
Soccer
hide this ad
More By:
Resistance
Quiz
Plays
Rating
Category
Featured
Created
Premier League Managers (2000-2020)
179,658
4.56
Sports
Oct 29, 2009
150 Most Capped England Players
172,651
4.43
Sports
Apr 11, 2010
England World Cup Squads Since 1970
21,498
4.66
Sports
Jun 13, 2010
The History of the FIFA World Cup
15,206
4.64
Sports
Aug 1, 2010
Premier League Footballers: Manchester United
14,796
4.29
Sports
Apr 22, 2011
Go to Creator's Profile
Score Distribution
Quiz Creator Spotlight
Resistance
Follow
Send a Message
Quizzes Created
-
Created Quiz Play Count
-
More By This Creator
Popular Quizzes Today
1
Find the Countries of Europe - No Outlines Minefield
2
Find the US States - No Outlines Minefield
3
The Countries of the World
4
Popular People in 1961
5
Find the US States
6
US States
7
1-10 Letter E Words III
8
Risky Map Clicking: Biggest States A-Z
More Sports Quizzes
Francesco Totti's Career
Quiz Lab
Trending Quizzes
Risky Map Clicking: Least Populous States A-Z
1-10 Letter F Words
1-10 Letter G Words
Not Quite an Element Typing Challenge
One Thing in Common: United Kingdom
Recently Updated
Leaping Animals
pecheneg
Reality TV Shows (A-Z)
bhenderson79
Rickey Henderson's Hall of Fame Teammates
pecheneg
Champions League XIs: Arsenal
pecheneg
Quick Pick: Celebrities in WWE's Hall of Fame
aduchscher
A-Z Keypad Blitz II
pecheneg
Multiple Oscar Actors
pecheneg
Mystery Phrase Blitz: Oscar 'Best Actors'
pecheneg
F. Scott Fitzgerald Novels
LTH
Pick 3 Villains
ddd62291
Trending Topics
Anime
Harry Potter
Kpop
Disney
NBA
Marvel
Crossword
WWE
The Office
Soccer
Pokémon
Country
NFL
Song
Puzzle
Your Account Isn't Verified!
In order to create a playlist on Sporcle, you need to verify the email address you used during registration. Go to your
Sporcle Settings
to finish the process.
Report this User
Report this user for behavior that violates our
Community Guidelines
.
Details:
Send Report
Go to the Sporcle.com Mobile Site →
Comments